| 000 | 00499nam a2200217Ia 4500 | ||
|---|---|---|---|
| 008 | 170918s9999 xx 000 0 und d | ||
| 020 | _a9780545415682 | ||
| 050 | _bM997 2013 | ||
| 100 | _aMylnowski, Sarah | ||
| 245 | _aIf the shoe fits / | ||
| 245 | _cby Sarah Mylnowski. | ||
| 260 | _aNew York : | ||
| 260 | _bScholastic, | ||
| 260 | _c2013 | ||
| 300 | _a166 pages : | ||
| 300 | _billustrations ; | ||
| 300 | _c19cm. | ||
| 300 | _eWhatever after ; | ||
| 440 | _a2 | ||
| 500 | _a420 | ||
| 999 |
_c344367 _d344367 |
||